[Event "chess.com SpeedChess 2024"]
[Site "chess.com INT"]
[Date "2024.07.29"]
[Round "1.6"]
[White "Lazavik, Denis"]
[Black "So, Wesley"]
[Result "0-1"]
[WhiteTitle "GM"]
[BlackTitle "GM"]
[WhiteElo "2578"]
[BlackElo "2757"]
[WhiteFideId "13515110"]
[BlackFideId "5202213"]
[EventDate "2024.07.25"]
[EventType "k.o."]

1. d4 Nf6 2. c4 e6 3. Nf3 d5 4. g3 dxc4 5. Bg2 c5 6. Qa4+ Nbd7 7. Qxc4 a6 8. Qb3
cxd4 9. Nxd4 Nc5 10. Qe3 Nd5 11. Qd2 b5 12. Nc3 Bb7 13. Nxd5 Bxd5 14. Nc6 Bxg2
15. Nxd8 Rxd8 16. Qa5 Bxh1 17. f3 Be7 18. Be3 Bg2 19. Qc7 Nd7 20. Rd1 Bh3 21.
Qc6 e5 22. Bb6 Rb8 23. g4 O-O 24. Rxd7 Bg5 25. Bc7 Rbc8 26. Qd5 h5 27. Qxe5 Bh4+
28. Kd1 hxg4 29. fxg4 Bxg4 30. Rd4 Bf6 31. Qxf6 gxf6 32. Rxg4+ Kh7 33. Bg3 Rfd8+
34. Ke1 Rc2 35. Rh4+ Kg6 36. Rg4+ Kh7 37. Rh4+ Kg7 38. Rg4+ Kf8 39. Bh4 Re8 40.
Bxf6 Rexe2+ 41. Kd1 Red2+ 42. Ke1 Rxh2 43. Kd1 Rhd2+ 44. Ke1 Rh2 45. Kd1 Rcf2
46. Bg7+ Ke7 47. Re4+ Kd7 48. Re1 Kd6 49. Kc1 Kd5 50. Rd1+ Ke4 51. Kb1 Kf3 52.
a3 Kg2 53. Rd6 Rf1+ 54. Ka2 f5 55. Rxa6 f4 56. Rg6+ Kh1 57. Be5 Re2 58. Rh6+ Kg2
59. Rg6+ Kh3 60. Bd4 f3 61. Rg5 f2 62. Bxf2 Rfxf2 63. Rxb5 Kg4 64. a4 Kf4 65.
Ka3 Re5 66. Rb8 Ke4 67. b3 Kd4 68. Kb4 Rff5 69. Rd8+ Rd5 70. Ra8 Rf7 71. a5 Rb7+
72. Ka4 Rdb5 73. a6 Rb4+ 74. Ka3 Rxb3+ 75. Ka4 R7b4+ 76. Ka5 Rb5+ 77. Ka4 R3b4+
78. Ka3 Rb1 79. Ka4 R5b2 80. Rd8+ Kc5 81. Rc8+ Kb6 82. Ka3 Rb3+ 83. Ka4 Rb5 84.
Rb8+ Kxa6 0-1

[Event "chess.com SpeedChess 2024"]
[Site "chess.com INT"]
[Date "2024.07.29"]
[Round "1.7"]
[White "So, Wesley"]
[Black "Lazavik, Denis"]
[Result "1/2-1/2"]
[WhiteTitle "GM"]
[BlackTitle "GM"]
[WhiteElo "2757"]
[BlackElo "2578"]
[WhiteFideId "5202213"]
[BlackFideId "13515110"]
[EventDate "2024.07.25"]
[EventType "k.o."]

1. e4 e5 2. Nf3 Nc6 3. Bc4 Bc5 4. d3 Nf6 5. O-O O-O 6. h3 h6 7. Re1 d6 8. c3 a6
9. Nbd2 Ba7 10. Nf1 Na5 11. Bb3 Nxb3 12. axb3 Nh7 13. d4 exd4 14. Nxd4 Bxd4 15.
Qxd4 Be6 16. b4 Qd7 17. Ng3 Rae8 18. Kh2 f6 19. Bd2 Qf7 20. Re3 Bd7 21. Rae1 Ng5
22. c4 b5 23. b3 Bc6 24. Qd3 Kh8 25. R3e2 Ne6 26. Ra1 Ra8 27. Nf5 Rfe8 28. Rae1
Bd7 29. Qc3 Nf8 30. Nd4 Ne6 31. Nc2 c5 32. Be3 bxc4 33. bxc4 Rac8 34. Rd2 cxb4
35. Qxb4 Nc5 36. f3 a5 37. Qc3 Nb7 38. Na3 Be6 39. Rb1 Bxc4 40. Nxc4 Rxc4 41.
Rxb7 Rxc3 42. Rxf7 Rxe3 43. Rxd6 Ra3 44. h4 a4 45. Rdd7 Rg8 46. Ra7 Ra1 47. h5
a3 48. Ra5 Ra2 49. Rfa7 Ra1 50. Rxa3 Rxa3 51. Rxa3 Rc8 52. Ra5 Rc2 53. Kh3 Rc1
54. g3 Rf1 55. Kg4 Kh7 56. Ra7 Re1 57. Ra3 Kg8 58. Kf5 Kh7 59. f4 Rh1 60. g4 Rf1
61. Ra7 Rf2 62. Ra1 Rf3 63. Re1 Rf2 64. Re3 Rf1 65. Rd3 Rf2 66. Rd8 Rf1 67. Rd2
Rf3 68. Rd4 Rf1 69. Rc4 Rf3 70. Rc2 Rf1 71. Rc4 Rf2 72. e5 fxe5 73. Kxe5 Rg2 74.
Kf5 Rf2 75. Re4 Rf1 76. Ke6 Kg8 77. Kf5 Kh7 78. Rd4 Rf2 79. Ke6 Kg8 80. Re4 Rf1
81. Ke5 Rg1 82. Kf5 Kh7 83. Re8 Rf1 84. Rf8 Ra1 85. Re8 Rf1 86. Re4 Rf2 87. Ke6
Kg8 88. Ke7 Rf1 89. f5 Rf2 90. Rd4 Rg2 91. Re4 Rg1 92. f6 Rf1 93. Re6 Rf4 94.
fxg7 Rxg4 95. Rxh6 Kxg7 96. Rg6+ Rxg6 97. hxg6 Kxg6 1/2-1/2

[Event "chess.com SpeedChess 2024"]
[Site "chess.com INT"]
[Date "2024.07.29"]
[Round "1.8"]
[White "Lazavik, Denis"]
[Black "So, Wesley"]
[Result "1/2-1/2"]
[WhiteTitle "GM"]
[BlackTitle "GM"]
[WhiteElo "2578"]
[BlackElo "2757"]
[WhiteFideId "13515110"]
[BlackFideId "5202213"]
[EventDate "2024.07.25"]
[EventType "k.o."]

1. d4 d5 2. c4 e6 3. Nc3 Be7 4. Nf3 Nf6 5. Bf4 O-O 6. e3 Nbd7 7. c5 c6 8. Bd3 b6
9. b4 a5 10. a3 Ba6 11. O-O Qc8 12. Rb1 axb4 13. axb4 Qb7 14. h3 h6 15. Qc2 Bxd3
16. Qxd3 Ra3 17. Qc2 Rfa8 18. Rfc1 b5 19. Nd2 Bd8 20. Nb3 Nf8 21. Qb2 R3a6 22.
Ra1 Ng6 23. Bh2 Bc7 24. Bxc7 Qxc7 25. Rxa6 Rxa6 26. Ra1 Qa7 27. Ra5 Rxa5 28.
Nxa5 Qc7 29. Ne2 h5 30. Qa2 Qa7 31. Qc2 Qc7 32. Qa2 Qa7 33. Nc3 Qa8 34. Qe2 h4
35. Qa2 Ne4 36. Nb3 Qd8 37. Ne2 Kh7 38. Na5 e5 39. f3 Qg5 40. fxe4 Qxe3+ 41. Kh1
exd4 42. Nxd4 Qxd4 43. exd5 Qd1+ 44. Kh2 Nf4 45. Qf2 g5 46. dxc6 Qd3 47. c7 Qd7
48. Nb7 Qxc7 49. Nd6 Qd7 50. Qc2+ Kg7 51. Qc3+ f6 52. Qc2 Qc6 53. Qe4 Qxe4 54.
Nxe4 Nd5 55. Nd6 Nxb4 56. Nxb5 Nc6 57. Kg1 Kf7 58. Kf2 Ke6 59. Nc7+ Ke5 60. Kf3
f5 61. Nb5 Kd5 62. Nd6 Nd4+ 63. Ke3 Kxc5 64. Nf7 Ne6 65. Nh6 Ng7 66. Nf7 Ne6 67.
Nh6 Ng7 68. Nf7 Ne6 1/2-1/2

[Event "chess.com SpeedChess 2024"]
[Site "chess.com INT"]
[Date "2024.07.29"]
[Round "1.9"]
[White "So, Wesley"]
[Black "Lazavik, Denis"]
[Result "1/2-1/2"]
[WhiteTitle "GM"]
[BlackTitle "GM"]
[WhiteElo "2757"]
[BlackElo "2578"]
[WhiteFideId "5202213"]
[BlackFideId "13515110"]
[EventDate "2024.07.25"]
[EventType "k.o."]

1. e4 e5 2. Nf3 Nc6 3. Bb5 Nf6 4. d3 Bc5 5. O-O Nd4 6. Nxd4 Bxd4 7. c3 Bb6 8.
Na3 c6 9. Ba4 d6 10. Bc2 Be6 11. Qe2 Qe7 12. Nc4 Bc7 13. f4 Bxc4 14. dxc4 h5 15.
fxe5 Ng4 16. exd6 Bxd6 17. Bf4 O-O-O 18. e5 Nxe5 19. Rae1 f6 20. b4 Kb8 21. c5
Bc7 22. Kh1 Qd7 23. h3 h4 24. a4 Rhe8 25. Rd1 Qe7 26. Rxd8+ Rxd8 27. Bh2 Qd7 28.
b5 Qd2 29. Qxd2 Rxd2 30. Be4 Re2 31. Bf5 Ra2 32. bxc6 Nxc6 33. Re1 Be5 34. Be4
Bxh2 35. Bxc6 Bg3 36. Rb1 Kc7 37. Bxb7 Rxa4 38. Bd5 Ra5 39. c4 Rxc5 40. Rb7+ Kd6
41. Rxa7 Rc7 42. Rxc7 Kxc7 43. Kg1 Kd6 1/2-1/2

[Event "chess.com SpeedChess 2024"]
[Site "chess.com INT"]
[Date "2024.07.29"]
[Round "1.10"]
[White "Lazavik, Denis"]
[Black "So, Wesley"]
[Result "1/2-1/2"]
[WhiteTitle "GM"]
[BlackTitle "GM"]
[WhiteElo "2578"]
[BlackElo "2757"]
[WhiteFideId "13515110"]
[BlackFideId "5202213"]
[EventDate "2024.07.25"]
[EventType "k.o."]

1. d4 Nf6 2. c4 e6 3. Nf3 d5 4. Nc3 c5 5. cxd5 cxd4 6. Qxd4 exd5 7. Bg5 Be7 8.
e3 O-O 9. Rd1 Be6 10. Bd3 h6 11. Bh4 Qa5 12. Bb1 Qa6 13. Qd3 Qxd3 14. Bxd3 Nc6
15. O-O g5 16. Bg3 Nh5 17. Ne2 Bf6 18. Rd2 Rfd8 19. Nfd4 Nxg3 20. hxg3 Rac8 21.
Rfd1 Nxd4 22. Nxd4 Bxd4 23. exd4 Rc6 24. f3 Kg7 25. Kf2 a5 26. Rh1 Rdc8 27. f4
Bg4 28. Rf1 Rf6 29. Kg1 Re8 30. fxg5 Rxf1+ 31. Kxf1 hxg5 32. Kf2 Rh8 33. Rc2 Rc8
34. Rxc8 Bxc8 35. Ke3 Kf6 36. a3 b6 37. Be2 Ke7 38. Bf3 Kd6 39. Be2 Bf5 40. Bf3
Ke6 41. Be2 Be4 42. Kf2 Kd6 43. Bb5 Ke6 44. Be2 Kf5 45. Bb5 Kg6 46. Bc6 Kf6 47.
Bb5 Ke6 48. Be2 1/2-1/2

[Event "chess.com SpeedChess 2024"]
[Site "chess.com INT"]
[Date "2024.07.29"]
[Round "1.11"]
[White "So, Wesley"]
[Black "Lazavik, Denis"]
[Result "1/2-1/2"]
[WhiteTitle "GM"]
[BlackTitle "GM"]
[WhiteElo "2757"]
[BlackElo "2578"]
[WhiteFideId "5202213"]
[BlackFideId "13515110"]
[EventDate "2024.07.25"]
[EventType "k.o."]

1. d4 Nf6 2. c4 e6 3. Nc3 Bb4 4. e3 O-O 5. Bd3 d5 6. Nf3 dxc4 7. Bxc4 c5 8. O-O
cxd4 9. exd4 b6 10. Qe2 Bb7 11. Rd1 h6 12. a3 Bxc3 13. bxc3 Qc7 14. Bd3 Nbd7 15.
c4 Rfe8 16. Bb2 Ng4 17. h3 Bxf3 18. Qxf3 Qh2+ 19. Kf1 Ngf6 20. Qg3 Qxg3 21. fxg3
e5 22. d5 Nc5 23. a4 Nxd3 24. Rxd3 Rac8 25. Rc1 Nd7 26. a5 Rc7 27. Ba3 Rec8 28.
Rdc3 Nc5 29. Ke2 f6 30. g4 Kf7 31. Ke3 Ke8 32. h4 Kd7 33. h5 Nb7 34. axb6 axb6
35. Kd3 Ra8 36. Rb1 Na5 37. Rb4 Ra6 38. Bc1 Nb7 39. Be3 Nc5+ 40. Bxc5 Rxc5 41.
Rcb3 Kc7 42. g3 Rca5 43. Ke4 Ra4 44. Kf5 Rxb4 45. Rxb4 Kd6 46. Rb5 Kd7 47. Kg6
Ra4 48. Kxg7 Rxc4 49. Rxb6 Rxg4+ 50. Kxh6 Rxg3 51. Rxf6 e4 52. Re6 e3 53. Kh7
Rg5 54. h6 Rxd5 55. Rxe3 Rg5 56. Re2 Rg1 57. Re5 Rg2 58. Kh8 Rg1 59. Re4 Rg2 60.
Re3 Rg1 61. Re5 Rg2 62. Ra5 Ke7 63. Ra7+ Kf8 64. Ra4 Rf2 65. Rg4 Rf1 66. Rg7 Rf2
67. Kh7 Rf1 68. Rg5 Rf2 69. Rg8+ Kf7 70. Ra8 Rf1 71. Ra7+ Kf8 72. Ra4 Kf7 73.
Ra5 Rf2 74. Rg5 Rf1 75. Rg6 Rf2 76. Rg7+ Kf8 77. Kg6 Rg2+ 78. Kh7 Rf2 79. Rg8+
Kf7 80. Kh8 Rf1 81. Rg7+ Kf8 82. Rg2 Kf7 83. Kh7 Rf3 84. Rg1 Rf2 85. Kh8 Rf3 86.
Rg7+ Kf8 87. Ra7 Rf1 88. Kh7 Rf7+ 89. Rxf7+ Kxf7 90. Kh8 Kf8 91. h7 Kf7 1/2-1/2

[Event "chess.com SpeedChess 2024"]
[Site "chess.com INT"]
[Date "2024.07.29"]
[Round "1.12"]
[White "Lazavik, Denis"]
[Black "So, Wesley"]
[Result "0-1"]
[WhiteTitle "GM"]
[BlackTitle "GM"]
[WhiteElo "2578"]
[BlackElo "2757"]
[WhiteFideId "13515110"]
[BlackFideId "5202213"]
[EventDate "2024.07.25"]
[EventType "k.o."]

1. d4 Nf6 2. c4 e6 3. Nf3 d5 4. Bg5 Be7 5. Nc3 h6 6. Bf4 O-O 7. e3 c5 8. dxc5
Bxc5 9. Qc2 Nc6 10. a3 Qa5 11. O-O-O Ne4 12. Nb5 a6 13. Nc7 e5 14. Rxd5 exf4 15.
Qxe4 Qxc7 16. Rxc5 fxe3 17. Bd3 f5 18. Qxe3 Bd7 19. Bc2 Rae8 20. Qc3 Be6 21. Kb1
b6 22. Rd5 Na5 23. Rd4 Nxc4 24. Ka1 Rc8 25. Re1 Rf6 26. Bb3 b5 27. Rdd1 Bf7 28.
Rc1 Rd6 29. Ba2 Qd8 30. Ne5 Be6 31. Nxc4 Bxc4 32. Bxc4+ Rxc4 33. Qf3 Rxc1+ 34.
Rxc1 Qf6 35. Kb1 Kh7 36. g3 Qe5 37. Rc2 a5 38. Qe2 Qd5 39. h4 b4 40. axb4 axb4
41. Qc4 b3 42. Rc1 Qb7 43. g4 Ra6 44. gxf5 Ra1+ 0-1

[Event "chess.com SpeedChess 2024"]
[Site "chess.com INT"]
[Date "2024.07.29"]
[Round "1.13"]
[White "So, Wesley"]
[Black "Lazavik, Denis"]
[Result "0-1"]
[WhiteTitle "GM"]
[BlackTitle "GM"]
[WhiteElo "2757"]
[BlackElo "2578"]
[WhiteFideId "5202213"]
[BlackFideId "13515110"]
[EventDate "2024.07.25"]
[EventType "k.o."]

1. e4 e5 2. Nf3 Nc6 3. Bc4 Bc5 4. d3 Nf6 5. Nc3 d6 6. O-O h6 7. h3 O-O 8. Na4
Bb6 9. a3 Re8 10. b4 a6 11. Nxb6 cxb6 12. Re1 b5 13. Bb3 Be6 14. c4 bxc4 15.
dxc4 b5 16. Qd3 bxc4 17. Bxc4 Bxc4 18. Qxc4 Qd7 19. Bb2 Qb7 20. Rac1 Rac8 21.
Qd3 Red8 22. Qe2 Ne7 23. Nd2 Ng6 24. g3 Rxc1 25. Rxc1 Nf8 26. Qc4 Ne6 27. Qc6
Qa7 28. Kg2 Kh7 29. a4 Rd7 30. b5 axb5 31. axb5 Qa2 32. Rb1 Rc7 33. Qxd6 Rd7 34.
Qa6 Qxa6 35. bxa6 Rxd2 36. a7 Nc7 37. Bxe5 Ra2 38. Bxc7 Rxa7 39. Bb8 Ra2 40. Rb4
Nd7 41. Bf4 Ra7 42. Be3 Rc7 43. g4 f6 44. Bf4 Ra7 45. h4 Nf8 46. Rb6 Re7 47. f3
Ne6 48. Be3 Kg8 49. Kg3 Kf7 50. g5 hxg5 51. hxg5 Nxg5 52. Bxg5 fxg5 53. Rb5 Ra7
54. Rxg5 g6 55. Rb5 Ra3 56. Kg4 Re3 57. Rb7+ Kf6 58. Rb6+ Kf7 59. Rb4 Ra3 60. e5
Re3 61. Rb7+ Ke6 62. Rb6+ Kf7 63. Rb7+ Ke6 64. f4 Re1 65. Kg5 Rg1+ 66. Kh6 Rg4
67. Rb6+ Ke7 68. Rf6 Kd7 69. Kh7 Ke7 70. Kg7 Ke8 71. Rf7 Rg1 72. Kf6 g5 0-1

[Event "chess.com SpeedChess 2024"]
[Site "chess.com INT"]
[Date "2024.07.29"]
[Round "1.14"]
[White "Lazavik, Denis"]
[Black "So, Wesley"]
[Result "1/2-1/2"]
[WhiteTitle "GM"]
[BlackTitle "GM"]
[WhiteElo "2578"]
[BlackElo "2757"]
[WhiteFideId "13515110"]
[BlackFideId "5202213"]
[EventDate "2024.07.25"]
[EventType "k.o."]

1. d4 Nf6 2. c4 e6 3. Nf3 d5 4. g3 dxc4 5. Bg2 c5 6. O-O Nc6 7. dxc5 Qxd1 8.
Rxd1 Bxc5 9. Nbd2 c3 10. bxc3 O-O 11. Nb3 Be7 12. Be3 Nd5 13. Bd2 Bd7 14. c4 Nf6
15. Ne1 Rfd8 16. Nd3 Rac8 17. a4 b6 18. a5 Be8 19. Rdc1 Nd7 20. Be3 Nb4 21. axb6
axb6 22. Nxb4 Bxb4 23. Ra7 Nc5 24. Nxc5 Bxc5 25. Bxc5 Rxc5 26. Raa1 Rdc8 27.
Rcb1 Rxc4 28. Rxb6 Rc1+ 29. Rxc1 Rxc1+ 30. Bf1 Kf8 31. f3 Rc6 32. Rxc6 Bxc6 33.
Kf2 1/2-1/2

[Event "chess.com SpeedChess 2024"]
[Site "chess.com INT"]
[Date "2024.07.29"]
[Round "1.15"]
[White "So, Wesley"]
[Black "Lazavik, Denis"]
[Result "1-0"]
[WhiteTitle "GM"]
[BlackTitle "GM"]
[WhiteElo "2757"]
[BlackElo "2578"]
[WhiteFideId "5202213"]
[BlackFideId "13515110"]
[EventDate "2024.07.25"]
[EventType "k.o."]

1. e4 e5 2. Nf3 Nc6 3. Bc4 Bc5 4. d3 Nf6 5. c3 O-O 6. Bg5 Be7 7. a4 h6 8. Bh4 d6
9. O-O Kh8 10. Nbd2 Nh7 11. Bg3 f5 12. exf5 Bxf5 13. Re1 a6 14. h3 Ng5 15. Nxg5
Bxg5 16. Nf3 Bf6 17. Bd5 Qd7 18. a5 Rae8 19. Be4 Nd8 20. Qb3 Be6 21. Qc2 Bf7 22.
d4 exd4 23. cxd4 Nc6 24. Bf5 Qd8 25. Be4 Nxd4 26. Nxd4 Bxd4 27. Bxb7 Rxe1+ 28.
Rxe1 c5 29. Qd2 Bc4 30. Be4 Re8 31. Bb1 Rxe1+ 32. Qxe1 Bxb2 33. Qe4 Bg8 34. Qe2
Bc3 35. Qxa6 Qxa5 36. Qxa5 Bxa5 37. Bxd6 Bb6 38. Kf1 c4 39. Be5 Be6 40. Bc3 Kg8
41. Ke2 Kf7 42. f4 g6 43. g4 Bd5 44. f5 gxf5 45. Bxf5 Be6 46. Be4 h5 47. gxh5
Bxh3 48. h6 Bg4+ 49. Ke1 Bd8 50. h7 Bh4+ 51. Kf1 Bh3+ 52. Kg1 Bf6 53. Bxf6 1-0

[Event "chess.com SpeedChess 2024"]
[Site "chess.com INT"]
[Date "2024.07.29"]
[Round "1.16"]
[White "Lazavik, Denis"]
[Black "So, Wesley"]
[Result "0-1"]
[WhiteTitle "GM"]
[BlackTitle "GM"]
[WhiteElo "2578"]
[BlackElo "2757"]
[WhiteFideId "13515110"]
[BlackFideId "5202213"]
[EventDate "2024.07.25"]
[EventType "k.o."]

1. d4 Nf6 2. c4 e6 3. Nf3 d5 4. g3 Be7 5. Bg2 O-O 6. Qd3 a6 7. Bg5 Nbd7 8. Nbd2
h6 9. Bxf6 Nxf6 10. O-O c6 11. Rac1 b6 12. Ne5 Bb7 13. e4 Rc8 14. Qe2 dxe4 15.
Nxe4 Qxd4 16. Nxf6+ Bxf6 17. Ng4 Rfd8 18. Nxf6+ Qxf6 19. b4 Rd4 20. a3 Rcd8 21.
c5 b5 22. Rfd1 e5 23. Rxd4 exd4 24. Rd1 Bc8 25. Qe4 d3 26. Qxc6 Qxc6 27. Bxc6 d2
28. Kf1 Be6 29. Ke2 Bc4+ 30. Ke3 Rd3+ 31. Ke4 f5+ 32. Kxf5 Bb3 33. Ke4 Rd8 34.
Rxd2 Rxd2 35. Bb7 Rd8 36. c6 Bd5+ 37. Ke5 Bg2 38. c7 Re8+ 0-1

[Event "chess.com SpeedChess 2024"]
[Site "chess.com INT"]
[Date "2024.07.29"]
[Round "1.17"]
[White "So, Wesley"]
[Black "Lazavik, Denis"]
[Result "1-0"]
[WhiteTitle "GM"]
[BlackTitle "GM"]
[WhiteElo "2757"]
[BlackElo "2578"]
[WhiteFideId "5202213"]
[BlackFideId "13515110"]
[EventDate "2024.07.25"]
[EventType "k.o."]

1. d4 Nf6 2. c4 e6 3. Nc3 Bb4 4. Qc2 O-O 5. e4 d5 6. e5 Ne4 7. Bd3 c5 8. cxd5
exd5 9. Nf3 cxd4 10. Nxd4 Nd7 11. Bf4 Qh4 12. g3 Qh5 13. O-O Bxc3 14. bxc3 Ndc5
15. Be2 Qg6 16. f3 Ng5 17. Qxg6 Nh3+ 18. Kh1 hxg6 19. Be3 Na4 20. Rac1 g5 21.
Kg2 Nb2 22. f4 g4 23. Rc2 Nc4 24. Bc1 f5 25. exf6 gxf6 26. f5 Ne5 27. Bf4 Nxf4+
28. Rxf4 Bd7 29. Bxg4 Kf7 30. Bf3 Nxf3 31. Kxf3 Rac8 32. Rh4 Ke7 33. Re2+ Kd6
34. Re3 Rc4 35. Rh6 b5 36. Ne6 Rf7 37. Ng5 Rf8 38. Nh7 Rh8 39. Rxf6+ Kc5 40. Ng5
Rxh2 41. Rf7 Bc6 42. Ne6+ Kb6 43. Nd4 b4 44. Nxc6 bxc3 45. Nb4 c2 46. Nxc2 Rcxc2
47. Rd3 Rxa2 48. Rxd5 Kc6 49. Rd3 Kc5 50. Kg4 Kc4 51. Rf3 a5 52. Kg5 Kd5 53. Re7
Kd6 54. f6 a4 55. f7 1-0

[Event "chess.com SpeedChess 2024"]
[Site "chess.com INT"]
[Date "2024.07.29"]
[Round "1.18"]
[White "Lazavik, Denis"]
[Black "So, Wesley"]
[Result "1/2-1/2"]
[WhiteTitle "GM"]
[BlackTitle "GM"]
[WhiteElo "2578"]
[BlackElo "2757"]
[WhiteFideId "13515110"]
[BlackFideId "5202213"]
[EventDate "2024.07.25"]
[EventType "k.o."]

1. d4 Nf6 2. c4 e6 3. Nc3 Bb4 4. e3 c5 5. Bd3 O-O 6. Ne2 cxd4 7. exd4 d5 8. cxd5
Nxd5 9. O-O Nc6 10. Bc2 Bd6 11. Ne4 Bc7 12. a3 b6 13. Re1 Bb7 14. Qd3 Re8 15.
Bg5 f6 16. Bd2 Nce7 17. Rad1 Rc8 18. Bb1 Qd7 19. Qh3 Ng6 20. N4c3 f5 21. Bc1
Rcd8 22. Nxd5 Qxd5 23. Nc3 Qd6 24. Bg5 Rc8 25. d5 exd5 26. Bxf5 Rxe1+ 27. Rxe1
Rf8 28. Be6+ Kh8 29. Nb5 Qc5 30. Nxc7 Qxc7 31. Bg4 d4 32. Be2 Nf4 33. Bxf4 Qxf4
34. Rf1 Be4 35. Bd3 Bxd3 36. Qxd3 h6 37. g3 Qf6 38. Kg2 Qc6+ 39. Kg1 Qf6 40. Kg2
Qc6+ 41. Kg1 Qf6 1/2-1/2

[Event "chess.com SpeedChess 2024"]
[Site "chess.com INT"]
[Date "2024.07.29"]
[Round "1.19"]
[White "So, Wesley"]
[Black "Lazavik, Denis"]
[Result "1-0"]
[WhiteTitle "GM"]
[BlackTitle "GM"]
[WhiteElo "2757"]
[BlackElo "2578"]
[WhiteFideId "5202213"]
[BlackFideId "13515110"]
[EventDate "2024.07.25"]
[EventType "k.o."]

1. d4 Nf6 2. c4 e6 3. Nc3 d5 4. Bg5 Be7 5. e3 O-O 6. Nf3 h6 7. Bh4 Nbd7 8. Qc2
c6 9. Rd1 Ne8 10. Bg3 Nd6 11. cxd5 exd5 12. Bd3 Nf6 13. O-O Bg4 14. Rc1 Bxf3 15.
gxf3 Nh5 16. Kh1 Qd7 17. Rg1 Nxg3+ 18. Rxg3 f5 19. Rcg1 Bf6 20. Rg6 Kh8 21. f4
Ne4 22. Qe2 Rae8 23. R1g2 c5 24. dxc5 Qf7 25. Qh5 Bxc3 26. bxc3 Nxc5 27. Bc2 Ne4
28. Bxe4 dxe4 29. Qh4 Rg8 30. h3 Rd8 31. Rxh6+ gxh6 32. Qxh6+ 1-0

[Event "chess.com SpeedChess 2024"]
[Site "chess.com INT"]
[Date "2024.07.29"]
[Round "1.20"]
[White "Lazavik, Denis"]
[Black "So, Wesley"]
[Result "1-0"]
[WhiteTitle "GM"]
[BlackTitle "GM"]
[WhiteElo "2578"]
[BlackElo "2757"]
[WhiteFideId "13515110"]
[BlackFideId "5202213"]
[EventDate "2024.07.25"]
[EventType "k.o."]

1. d4 Nf6 2. c4 e6 3. Nf3 d5 4. Nc3 c5 5. e3 dxc4 6. Bxc4 a6 7. O-O b5 8. Be2
Bb7 9. dxc5 Bxc5 10. Qxd8+ Kxd8 11. Nd2 Ke7 12. Nb3 Nbd7 13. Na5 Ra7 14. a4 b4
15. Na2 Bd5 16. Bd2 Rb8 17. Rfd1 Ne5 18. Be1 Bd6 19. f4 Nc6 20. Rxd5 Nxa5 21.
Rxa5 Rb6 22. Bf2 Ne4 23. Bd3 Nxf2 24. Kxf2 f5 25. Rd1 b3 26. Nc1 Bb4 27. Re5 Bd6
28. Ra5 Bb4 29. Rxa6 Raxa6 30. Bxa6 Rxa6 31. Nxb3 Rxa4 32. Rd4 Ra2 33. Rxb4
Rxb2+ 34. Kf3 Kf6 35. Rb7 h6 36. Nc5 Rc2 37. Nd7+ Kg6 38. Ne5+ Kh7 39. h4 h5 40.
Nf7 Kg6 41. Ng5 Rc6 42. Re7 Kf6 43. Re8 Rb6 44. e4 fxe4+ 45. Nxe4+ Kf5 46. Rf8+
Kg6 47. Ng5 Rb3+ 48. Kf2 Rb2+ 49. Kg3 Rb3+ 50. Kh2 Rb6 51. Nf3 Rc6 52. Ne5+ Kh7
53. Nxc6 Kg6 54. Ne5+ Kh7 55. Re8 Kh6 56. Rxe6+ Kh7 57. f5 Kg8 58. Ng6 Kf7 59.
Kg3 Kg8 60. Kf4 Kf7 61. Kg5 Kg8 62. Re8+ Kf7 63. Rf8# 1-0

[Event "chess.com SpeedChess 2024"]
[Site "chess.com INT"]
[Date "2024.07.29"]
[Round "1.21"]
[White "So, Wesley"]
[Black "Lazavik, Denis"]
[Result "1/2-1/2"]
[WhiteTitle "GM"]
[BlackTitle "GM"]
[WhiteElo "2757"]
[BlackElo "2578"]
[WhiteFideId "5202213"]
[BlackFideId "13515110"]
[EventDate "2024.07.25"]
[EventType "k.o."]

1. d4 f5 2. g3 Nf6 3. Bg2 g6 4. Nf3 Bg7 5. O-O O-O 6. b3 d6 7. Bb2 c6 8. c4 a5
9. Nc3 Na6 10. Re1 Qc7 11. a3 e5 12. e4 fxe4 13. dxe5 dxe5 14. Ng5 Nc5 15. Ngxe4
Nfxe4 16. Nxe4 Ne6 17. Qd6 Qb6 18. Re3 Nd4 19. c5 Qd8 20. Qxd8 Rxd8 21. Bxd4
exd4 22. Rd3 Bf5 23. Re1 Bf8 24. b4 axb4 25. axb4 Ra4 26. Rb3 d3 27. Rd1 Rd4 28.
Nd6 Bxd6 29. cxd6 Raxb4 30. Rxb4 Rxb4 31. f4 Rd4 32. Kf2 Rxd6 33. Ke3 Kf7 34.
Bf3 b6 35. g4 Bd7 36. Rxd3 Rxd3+ 37. Kxd3 c5 38. g5 Ke7 39. Bd5 Be6 40. Bf3 b5
41. h4 Kd6 42. h5 b4 43. h6 c4+ 44. Kd4 c3 45. Be4 Bb3 46. Kd3 Ba2 47. Kd4 Bf7
48. f5 gxf5 49. Bxf5 Bg8 50. g6 hxg6 51. Bxg6 Ke6 52. h7 Bxh7 53. Bxh7 b3 54.
Kxc3 b2 55. Kxb2 1/2-1/2

[Event "chess.com SpeedChess 2024"]
[Site "chess.com INT"]
[Date "2024.07.29"]
[Round "1.22"]
[White "Lazavik, Denis"]
[Black "So, Wesley"]
[Result "1-0"]
[WhiteTitle "GM"]
[BlackTitle "GM"]
[WhiteElo "2578"]
[BlackElo "2757"]
[WhiteFideId "13515110"]
[BlackFideId "5202213"]
[EventDate "2024.07.25"]
[EventType "k.o."]

1. d4 Nf6 2. c4 e6 3. Nf3 d5 4. Nc3 Bb4 5. Bg5 h6 6. Bxf6 Qxf6 7. e3 O-O 8. Rc1
dxc4 9. Bxc4 c5 10. dxc5 Nd7 11. c6 bxc6 12. O-O Rb8 13. Qe2 Ne5 14. Nxe5 Qxe5
15. Rfd1 Bb7 16. a3 Be7 17. Rd7 Bf6 18. Rcd1 a5 19. f4 Qc5 20. Ne4 Qf5 21. Nd6 1-0

[Event "chess.com SpeedChess 2024"]
[Site "chess.com INT"]
[Date "2024.07.31"]
[Round "1.1"]
[White "Caruana, Fabiano"]
[Black "Sarana, Alexey"]
[Result "0-1"]
[WhiteTitle "GM"]
[BlackTitle "GM"]
[WhiteElo "2796"]
[BlackElo "2717"]
[WhiteFideId "2020009"]
[BlackFideId "24133795"]
[EventDate "2024.07.25"]
[EventType "k.o."]

1. e4 c5 2. Nf3 d6 3. d4 cxd4 4. Nxd4 Nf6 5. Nc3 a6 6. Be2 e5 7. Nb3 Be7 8. Qd3
O-O 9. Bg5 Nbd7 10. a4 b6 11. O-O Bb7 12. Be3 Qc7 13. Bf3 Rac8 14. Rfd1 Rfd8 15.
Nd2 h6 16. Qe2 Nc5 17. h3 Ne6 18. Nf1 Bf8 19. Rd2 g6 20. Rad1 Bg7 21. g3 h5 22.
h4 Kh7 23. Nh2 Bh6 24. Bxh6 Kxh6 25. Bg2 Nd4 26. Qe3+ Kg7 27. Nf3 Ng4 28. Qe1
Nxf3+ 29. Bxf3 Nf6 30. Qe3 Bc6 31. Rd3 b5 32. axb5 axb5 33. Na2 Bb7 34. Rc3 Qa5
35. Ra3 Qc7 36. Ra7 Ra8 37. Nc3 Rxa7 38. Qxa7 b4 39. Nb5 Qc6 40. Rxd6 Rxd6 41.
Nxd6 Qxd6 42. Qxb7 Qd4 43. b3 Qc3 44. Kg2 Nh7 45. Be2 Qc5 46. Bc4 Qf8 47. Qc7
Kf6 48. Bd5 Qe7 49. Qc6+ Kg7 50. c3 bxc3 51. Qxc3 Nf6 52. b4 Qd6 53. Qc5 Qd8 54.
b5 Qa5 55. Qc4 Qb6 56. Bxf7 Ng4 57. Qa2 Qd4 58. Bd5 Qc5 59. Qb2 Qb6 60. Bc6 Kh6
61. Qd2+ Kg7 62. Qe2 Qc5 63. Qf3 Nf6 64. Qb3 Qb6 65. Qf3 Ng4 66. Qf4 exf4 0-1

[Event "chess.com SpeedChess 2024"]
[Site "chess.com INT"]
[Date "2024.07.31"]
[Round "1.2"]
[White "Sarana, Alexey"]
[Black "Caruana, Fabiano"]
[Result "0-1"]
[WhiteTitle "GM"]
[BlackTitle "GM"]
[WhiteElo "2717"]
[BlackElo "2796"]
[WhiteFideId "24133795"]
[BlackFideId "2020009"]
[EventDate "2024.07.25"]
[EventType "k.o."]

1. d4 Nf6 2. c4 e6 3. Nc3 Bb4 4. Qc2 O-O 5. a3 Bxc3+ 6. Qxc3 d5 7. Bg5 h6 8.
Bxf6 Qxf6 9. Nf3 dxc4 10. Qxc4 Bd7 11. e3 Rc8 12. Bd3 Bc6 13. e4 Qg6 14. Qc2
Qxg2 15. Ke2 Nd7 16. h4 Qg4 17. h5 Qf4 18. Rag1 f5 19. Rh4 Qd6 20. Rg6 Qe7 21.
Rh3 Rf8 22. Rhg3 Rf7 23. Kf1 Nf6 24. exf5 Nxh5 25. Ne5 Nxg3+ 26. Rxg3 Rf6 27.
fxe6 Qxe6 28. Nxc6 Qxc6 29. Bc4+ Kh8 30. d5 Qc5 31. b4 Qd4 32. Kg2 Raf8 33. f3
c6 34. Bd3 Qxd5 35. Be4 Qe5 36. Qd2 Rd6 37. Qc1 Qf4 38. Qc3 Qd2+ 0-1